| 000 | 00566nam a2200193Ia 4500 | ||
|---|---|---|---|
| 003 | IN-BaIIA | ||
| 005 | 20250109104141.0 | ||
| 008 | 211028s9999 xx 000 0 eng d | ||
| 020 | _a0-471-32380-2 | ||
| 040 | _cIIA Library | ||
| 080 |
_a524-1 _bGRA |
||
| 100 |
_aGray, David F _98601 |
||
| 245 | 4 |
_aThe Observation and analysis of stellar photospheres _cDavid F. Gray |
|
| 260 |
_aNew York _bJohn Wiley & Sons _c1976 |
||
| 300 | _axv, 471p. | ||
| 650 |
_a Stellar photosphere _98602 |
||
| 650 |
_aAstronomy and astrophysics thesaurus _91143 |
||
| 942 |
_cBK _2ddc |
||
| 999 |
_c4828 _d4828 |
||